|
|
|
|
| LEADER |
02754nam a2200673 i 4500 |
| 001 |
nkc20223390360 |
| 003 |
CZ PrNK |
| 005 |
20220406102539.0 |
| 007 |
ta |
| 008 |
220107s2021 xr a e c 000 0dcze |
| 015 |
|
|
|z cnb003390360
|
| 020 |
|
|
|a 978-80-908443-0-8
|q (Galerie Miroslava Kubíka ;
|q v knize neuvedeno ;
|q vázáno)
|
| 040 |
|
|
|a BOA001
|b cze
|d ABA001
|e rda
|
| 041 |
1 |
|
|a cze
|a eng
|h cze
|
| 043 |
|
|
|a e-xr---
|
| 045 |
|
|
|a x5x8
|
| 072 |
|
7 |
|a 73
|x Sochařství, keramika, porcelán, umělecké zpracování kovů
|2 Konspekt
|9 21
|
| 080 |
|
|
|a 730(437.3)
|2 MRF
|
| 080 |
|
|
|a 730.036/.038
|2 MRF
|
| 080 |
|
|
|a (437.3)
|2 MRF
|
| 080 |
|
|
|a (083.824)
|2 MRF
|
| 100 |
1 |
|
|a Kmentová, Eva,
|d 1928-1980
|7 jn99240000468
|4 art
|
| 245 |
1 |
0 |
|a Eva Kmentová, Olbram Zoubek :
|b lidská důstojnost = human dignity /
|c autorka koncepce a textů: Helena Musilová ; překlad: Stephan von Pohl
|
| 246 |
3 |
0 |
|a Lidská důstojnost
|
| 246 |
3 |
0 |
|a Human dignity
|
| 246 |
3 |
0 |
|a Olbram Zoubek
|
| 264 |
|
1 |
|a [Litomyšl] :
|b Galerie Miroslava Kubíka,
|c 2021
|
| 300 |
|
|
|a 131 stran :
|b ilustrace (některé barevné) ;
|c 24 cm
|
| 336 |
|
|
|a text
|b txt
|2 rdacontent
|
| 336 |
|
|
|a statický obraz
|b sti
|2 rdacontent
|
| 337 |
|
|
|a bez média
|b n
|2 rdamedia
|
| 338 |
|
|
|a svazek
|b nc
|2 rdacarrier
|
| 490 |
1 |
|
|a Edice katalogů Galerie Miroslava Kubíka ;
|v 23. svazek
|
| 500 |
|
|
|a Název z obálky
|
| 500 |
|
|
|a Vydáno ke stejnojmenné výstavě, konané v Galerii Miroslava Kubíka v Litomyšli 13.6.-27.10.2021
|
| 500 |
|
|
|a Vydáno ve spolupráci s Nadačním fondem Kmentová Zoubek
|
| 500 |
|
|
|a 1500 výtisků
|
| 546 |
|
|
|a Souběžný anglický text
|
| 600 |
1 |
7 |
|a Kmentová, Eva,
|d 1928-1980
|7 jn99240000468
|2 czenas
|
| 600 |
1 |
7 |
|a Zoubek, Olbram,
|d 1926-2017
|7 jn19990010042
|2 czenas
|
| 648 |
|
4 |
|a 1958-1984
|
| 648 |
|
7 |
|a 20. století
|7 ch460558
|2 czenas
|
| 650 |
0 |
7 |
|a české sochařství
|7 ph128152
|y 20. století
|2 czenas
|
| 650 |
0 |
7 |
|a moderní sochařství
|7 ph122941
|z Česko
|2 czenas
|
| 650 |
0 |
9 |
|a Czech sculpture
|y 20th century
|2 eczenas
|
| 650 |
0 |
9 |
|a modern sculpture
|z Czechia
|2 eczenas
|
| 655 |
|
7 |
|a katalogy výstav
|7 fd132536
|2 czenas
|
| 655 |
|
9 |
|a exhibition catalogs
|2 eczenas
|
| 700 |
1 |
|
|a Zoubek, Olbram,
|d 1926-2017
|7 jn19990010042
|4 art
|
| 700 |
1 |
|
|a Musilová, Helena,
|d 1974-
|7 mzk2005273066
|4 aut
|
| 700 |
1 |
|
|a Pohl, Stephan von,
|d 1971-
|7 xx0089596
|4 trl
|
| 710 |
2 |
|
|a Galerie Miroslava Kubíka (Litomyšl, Česko)
|7 osa2012684740
|4 orm
|4 isb
|
| 830 |
|
0 |
|a Katalogy Galerie Miroslava Kubíka
|0 s
|
| 910 |
2 |
|
|a BOA001
|b 2-1479.710
|
| 928 |
9 |
|
|a Nadační fond Kmentová Zoubek
|
| 990 |
|
|
|a BK
|
| 995 |
|
|
|a 11
|
| 991 |
|
|
|b 202202
|c NOV
|
| 996 |
6 |
|
|b 2610891504
|c 2-1479.710
|l MZK
|r Sklad / do 1 hodiny
|n 6
|p p.v.
|w 001875298
|u 000010
|a 1
|e BOA001
|j MZK50
|s P
|